000 00388 a2200121 4500
001 ART_5556
005 20260410161827.0
008 260409a
245 1 0 _aDeterminación de multiplicadores en economías regionales
100 1 _aUrbisaia, Heriberto L.
700 1 _aBrufman, Juana Z.
773 0 _tEstudios Económicos
_g- Vol. 3, Nº 5/6 (ene./dic. 1984)
_wREV5080
999 _c22910
_d22910